| 000 | 01023nam a2200313 a 4500 | ||
|---|---|---|---|
| 001 | 000044468 | ||
| 003 | DO-SdBPM | ||
| 005 | 20250317103456.0 | ||
| 007 | ta | ||
| 008 | 140702s2006 dr 000 0 spa d | ||
| 020 | _a9945405608 | ||
| 040 |
_aDO-SdBPM _bspa _cBPMSU |
||
| 082 | 4 |
_aRD862.44 _bG216f 2006 _222 |
|
| 100 | 1 |
_aGarcía Guerra, Iván, _d1938- |
|
| 100 | z |
_aGarcía, Iván, _d1938- |
|
| 100 | z |
_aGuerra, Iván García, _d 1938- |
|
| 245 | 1 | 0 |
_aFábula de los cinco caminantes / _cIván García Guerra ; edición y diagramación Iris Canos. |
| 260 |
_aSanto Domingo : _bEDUCARTE, _c2006. |
||
| 300 |
_a46 p. ; _c21 cm. |
||
| 590 | _aInventariado, 2025/VM | ||
| 650 | 4 | _aTeatro dominicano | |
| 650 | 4 | _a Fábulas dominicanas | |
| 650 | 4 | _aTeatro juvenil dominicanos | |
| 650 | 4 | _aLiteratura juvenil dominicana. | |
| 700 | 1 |
_aCanos, Iris, _eeditora |
|
| 710 | 1 |
_a República Dominicana. _bFundación para la Educación y el Arte |
|
| 910 | _aVMateo V. Control de calidad BPMSU | ||
| 942 |
_2ddc _cBK |
||
| 999 |
_c7370 _d7370 |
||